Prevencia informačných katastrof

Analýza extistujúcich nebezpečenstiev zlyhania informačných systémov. Spôsoby a metódy ako im prechádzať. Vysvetlenie, prečo je úplná ochrana pre katastrofami informačného systému nerealizovateľná. Ukázanie metód prevencie, ktorými sa môžu minimalizovať ich dôsledky a urýchliť proces obnovy.

Gespeichert in:
Bibliographische Detailangaben
1. Verfasser: Hvorecký, Jozef
Format: Buchkapitel
Sprache:Slowakisch
Schlagworte:
Tags: Tag hinzufügen
Keine Tags, Fügen Sie das erste Tag hinzu!

MARC

LEADER 00000naa$a2200000$$$4500
001 0034120
005 20231018132822.8
041 0 |a slo 
044 |a SK 
245 1 0 |a Prevencia informačných katastrof  |c Jozef Hvorecký 
520 |a Analýza extistujúcich nebezpečenstiev zlyhania informačných systémov. Spôsoby a metódy ako im prechádzať. Vysvetlenie, prečo je úplná ochrana pre katastrofami informačného systému nerealizovateľná. Ukázanie metód prevencie, ktorými sa môžu minimalizovať ich dôsledky a urýchliť proces obnovy. 
610 2 0 |a metódy 
610 2 0 |a systémy informačné 
610 2 0 |a škody 
610 2 0 |a prevencia 
610 2 0 |a programy antivírové 
610 2 0 |a diagnostikácia 
610 2 0 |a ochrana informácií 
100 1 |a Hvorecký, Jozef